000 00259nam a22001217a 4500
003 SGT
082 _a370
_bFUR
100 _aFURBER, STEVE
245 _aARM SYSTEM- ON-CHIP ARCHITECTURE
260 _aDELHI
_bPEARSON
_c2007
300 _a427
942 _2ddc
_cBK
999 _c18409
_d18409